अब समंदर खतरे में हैं / (Record no. 54093)

MARC details
000 -LEADER
fixed length control field 01411nam a22002897a 4500
005 - DATE AND TIME OF LATEST TRANSACTION
control field 20101206113148.0
008 - FIXED-LENGTH DATA ELEMENTS--GENERAL INFORMATION
fixed length control field 101206t xxu||||| |||| 00| 0 hin d
010 ## - LCCN (DPL NO)
LC control number HIN-93293
020 ## - INTERNATIONAL STANDARD BOOK NUMBER
Terms of availability 250.00
International Standard Book Number 8188855529
035 ## - SYSTEM CONTROL NUMBER
System control number HN-65639
037 ## - SOURCE OF ACQUISITION
Source of stock number/acquisition DBAD/PUB
040 ## - CATALOGING SOURCE
Original cataloging agency DPL
Language of cataloging HN
082 ## - DEWEY DECIMAL CLASSIFICATION NUMBER
Classification number 363.7
100 ## - MAIN ENTRY--PERSONAL NAME
9 (RLIN) 24598
Personal name अग्रवाल, ओम प्रभात
245 ## - TITLE STATEMENT
Title अब समंदर खतरे में हैं /
Statement of responsibility, etc ओम प्रभात अग्रवाल
246 ## - VARYING FORM OF TITLE
Title proper/short title ab samandar khatre main hain
Remainder of title by Om Prabhat Aggarwal
260 ## - PUBLICATION, DISTRIBUTION, ETC. (IMPRINT)
Place of publication, distribution, etc दिल्ली
Name of publisher, distributor, etc रचना प्रकाशन
Date of publication, distribution, etc 2011
270 ## - ADDRESS
City दिल्ली
Address 1586/1ई, नवीन शाहदरा
Postal code 110032
300 ## - PHYSICAL DESCRIPTION
Extent 144पृ.
Dimensions 22सेमी (सजिल्द)
Other physical details सचित्र
500 ## - GENERAL NOTE
General note आमजन में नवीनतम वैज्ञानिक सोच और पर्यावरणीय चिंता को आंदोलित करते विज्ञानपरक लेखों का संग्रह
650 ## - SUBJECT ADDED ENTRY--TOPICAL TERM
9 (RLIN) 1169
650 ## - SUBJECT ADDED ENTRY--TOPICAL TERM
9 (RLIN) 29580
700 ## - ADDED ENTRY--PERSONAL NAME
9 (RLIN) 24599
700 ## - ADDED ENTRY--PERSONAL NAME
9 (RLIN) 24924
942 ## - ADDED ENTRY ELEMENTS (KOHA)
Source of classification or shelving scheme Dewey Decimal Classification
Item type Hindi Books
Call number suffix अग्रवा
Classification part 363.7
Holdings
Withdrawn status Lost status Source of classification or shelving scheme Damaged status Not for loan Collection code Home library Current library Date acquired Source of acquisition Cost, normal purchase price Total Checkouts Full call number Barcode Date last seen Copy number Cost, replacement price Koha item type
    Dewey Decimal Classification   Not For Loan Non-fiction D.B.Act.Division D.B.Act.Division 20/07/2011 DBAD / PUB 250.00   363.7 अग्रवा HN-65639 20/07/2011 1 250.00 Hindi Books

© Delhi Public Library
Hit Counter
free hit counter